| 000 | 00717cab a2200217 4500 | ||
|---|---|---|---|
| 001 | X90117 | ||
| 008 | 090401t1998 xxu||||| |||| 00| 0 eng d | ||
| 035 | _a(Sirsi) u84568 | ||
| 041 | _aeng | ||
| 245 | _aNicholas Hare v Broadway Developments Ltd | ||
| 260 | _c1998 | ||
| 350 | _a0 | ||
| 490 |
_aConstruction Industry Law Letter _v[1998] CILL 1348(1) |
||
| 520 | _aDate of accrual of interest on costs of arbitration. HEADNOTE FROM JOURNAL. | ||
| 650 | _aMANAGEMENT-DISPUTE AVOIDANCE, MANAGEMENT AND RESOLUTION-DISPUTE MANAGEMENT AND RESOLUTION-ARBITRATION | ||
| 650 | _aCOSTS | ||
| 650 | _aNICHOLAS HARE V BROADWAY DEVELOPMENTS LTD | ||
| 690 | _aARBITRATION-CASE LAW | ||
| 942 | _n0 | ||
| 948 | _c27/02/1998 | ||
| 999 |
_c53154 _d53154 |
||